Geometrías de la imaginación (Record no. 13589)

MARC details
000 -CABECERA
campo de control de longitud fija 00933nam a2200253 4500
003 - IDENTIFICADOR DEL NÚMERO DE CONTROL
campo de control OSt
005 - FECHA Y HORA DE LA ÚLTIMA TRANSACCIÓN
campo de control 20260530115316.0
008 - DATOS DE LONGITUD FIJA--INFORMACIÓN GENERAL
campo de control de longitud fija 260506b2001 mx a|||| |||| 001 0 spa d
020 ## - NÚMERO INTERNACIONAL ESTÁNDAR DEL LIBRO
Número Internacional Estándar del Libro 9701870603
040 ## - FUENTE DE LA CATALOGACIÓN
Centro catalogador/agencia de origen ICI
Lengua de catalogación spa
Centro/agencia transcriptor ICI
Normas de descripción rda
041 ## - CÓDIGO DE LENGUA
Código de lengua del texto/banda sonora o título independiente spa
050 ## - SIGNATURA TOPOGRÁFICA DE LA BIBLIOTECA DEL CONGRESO
Número de clasificación QA445
Número de documento/Ítem .G46
245 00 - MENCIÓN DE TÍTULO
Título Geometrías de la imaginación
Resto del título Oaxaca
Mención de responsabilidad, etc. investigadora, Ana María Gómez Gabriel ; compilador, Sergio Carrasco Vargas
246 ## - FORMA VARIANTE DE TÍTULO
Título propio/Titulo breve Geometrías de la imaginación :
Resto del título Oaxaca
250 ## - MENCIÓN DE EDICIÓN
Mención de edición Segunda edición
264 ## - PRODUCCIÓN, PUBLICACIÓN, DISTRIBUCIÓN, FABRICACIÓN Y COPYRIGHT
Producción, publicación, distribución, fabricación y copyright México
Nombre del de productor, editor, distribuidor, fabricante Encuentro para el camino para la promoción de la Cultura y el Arte Popular de el estado de Oaxaca
Fecha de producción, publicación, distribución, fabricación o copyright 2001
300 ## - DESCRIPCIÓN FÍSICA
Extensión 233 páginas
500 ## - NOTA GENERAL
Nota general "Arte popular de México"
650 4# - PUNTO DE ACCESO ADICIONAL DE MATERIA--TÉRMINO DE MATERIA
Término de materia o nombre geográfico como elemento de entrada Arte popular
Subdivisión geográfica Oaxaca
9 (RLIN) 33683
650 4# - PUNTO DE ACCESO ADICIONAL DE MATERIA--TÉRMINO DE MATERIA
Término de materia o nombre geográfico como elemento de entrada Simbolismo en el arte
Subdivisión geográfica Oaxaca
9 (RLIN) 33684
700 1# - PUNTO DE ACCESO ADICIONAL--NOMBRE DE PERSONA
Nombre de persona Carrasco Vargas, Sergio,
Término indicativo de función/relación compilador
9 (RLIN) 33685
700 1# - PUNTO DE ACCESO ADICIONAL--NOMBRE DE PERSONA
Nombre de persona Gómez G. Ana María,
Término indicativo de función/relación investigadora
9 (RLIN) 33686
942 ## - ELEMENTOS DE PUNTO DE ACCESO ADICIONAL (KOHA)
Fuente del sistema de clasificación o colocación Library of Congress Classification
Tipo de ítem Koha
Suprimir en OPAC 1

No items available.